00836nam a22002537a 450000100060000000300100000600500170001600700030003300800410003602000150007704000140009204100080010610000250011424500530013926000410019230000280023365000290026165000240029065000280031494200410034294500200038395201620040399900170056532689AR-RoBPED20260504184405.0ta260504s1989 ag a|||br 00| 0|spa d a9504601170 aAR-RoBPED aspa1 aKaufman, Ana María10aLuciana, Juan y Copete 2 /cAna María Kaufman. aBuenos Aires :bSantillana, cc1991. a128 p. :bil. ;c27 cm. 4aLIBROS DE LECTURA915325 4aSEGUNDO GRADO91622 4aARCHIVO INFANTIL924464 cBK2udcaK. 32689h372.4kIAmK 26 l acd 04/05/2026 - 00102udc4071aBPEDbBPEDd2026-05-04eDonaciónl0oIA 372.4 K 26 lp42426r2026-05-04 16:08:52w2026-05-04xcd 04/05/2026yBKzNo se presta a domicilio. c32689d32689